|
|
|
|
| LEADER |
00000nam a2200000 a 4500 |
| 001 |
UCP4168 |
| 003 |
CL-VaPUC |
| 005 |
20231214134004.0 |
| 008 |
990724e19960000SP |||||||||||||||||spa|d |
| 999 |
|
|
|c 282221
|d 282219
|
| 040 |
|
|
|c Pontificia Universidad Católica de Valparaíso
|
| 082 |
0 |
4 |
|a 001.4
|b SIE
|2 21
|
| 100 |
0 |
|
|a Sierra Bravo, Restituto
|e author
|9 431614
|
| 245 |
1 |
0 |
|a Tesis doctorales y trabajos de investigación científica
|
| 250 |
|
|
|a 4a. ed
|
| 260 |
|
|
|a Madrid
|b Paraninfo
|c 1996
|
| 300 |
|
|
|a 497 p
|
| 583 |
|
|
|a last modification
|c 19990724 00:00:00
|k Rodrigo Vera
|
| 650 |
|
0 |
|a Investigación
|2 CL-VaPUC
|9 883899
|x Metodología
|
| 650 |
|
0 |
|a Documentación
|9 886517
|
| 650 |
|
0 |
|a Redacción
|9 477113
|x Informes
|
| 942 |
|
|
|c BK
|2 ddc
|
| 945 |
|
|
|d 19990724 00:00:00
|a vberengu
|
| 952 |
|
|
|0 0
|1 0
|4 0
|6 001_400000000000000_SIE_1996
|7 0
|8 A
|9 323761
|a BIBGIM
|b BIBGIM
|d 2019-11-20
|i 3539326
|o 001.4 SIE 1996
|p 3539326
|r 2025-01-15
|w 2019-11-20
|y BK
|k COM
|